<?xml version="1.0" encoding="UTF-8"?>
<record
    xmlns:xsi="http://www.w3.org/2001/XMLSchema-instance"
    xsi:schemaLocation="http://www.loc.gov/MARC21/slim http://www.loc.gov/standards/marcxml/schema/MARC21slim.xsd"
    xmlns="http://www.loc.gov/MARC21/slim">

  <leader>02016cam a2200241 i 4500</leader>
  <controlfield tag="003">3228</controlfield>
  <controlfield tag="005">20250828121125.0</controlfield>
  <controlfield tag="008">230728r20232023sa            000 1 eng d</controlfield>
  <datafield tag="020" ind1=" " ind2=" ">
    <subfield code="a">9781431433544 (paperback)</subfield>
  </datafield>
  <datafield tag="040" ind1=" " ind2=" ">
    <subfield code="a">MPL</subfield>
    <subfield code="b">English</subfield>
    <subfield code="c">3228</subfield>
    <subfield code="d">rda</subfield>
  </datafield>
  <datafield tag="041" ind1=" " ind2=" ">
    <subfield code="a">English</subfield>
  </datafield>
  <datafield tag="082" ind1="0" ind2="4">
    <subfield code="a">823 MOHL</subfield>
    <subfield code="2"> </subfield>
  </datafield>
  <datafield tag="100" ind1="1" ind2=" ">
    <subfield code="a">Mohlele, Nthikeng,</subfield>
    <subfield code="e">author.</subfield>
  </datafield>
  <datafield tag="245" ind1="1" ind2="2">
    <subfield code="a">A little light :</subfield>
    <subfield code="b">stories /</subfield>
    <subfield code="c">Nthikeng Mohlele.</subfield>
  </datafield>
  <datafield tag="300" ind1=" " ind2=" ">
    <subfield code="a">156 pages ;</subfield>
    <subfield code="c">21 cm.</subfield>
  </datafield>
  <datafield tag="336" ind1=" " ind2=" ">
    <subfield code="a">text</subfield>
    <subfield code="b">txt</subfield>
    <subfield code="2">rdacontent.</subfield>
  </datafield>
  <datafield tag="337" ind1=" " ind2=" ">
    <subfield code="a">unmediated</subfield>
    <subfield code="b">n</subfield>
    <subfield code="2">rdamedia.</subfield>
  </datafield>
  <datafield tag="338" ind1=" " ind2=" ">
    <subfield code="a">volume</subfield>
    <subfield code="b">nc</subfield>
    <subfield code="2">rdacarrier.</subfield>
  </datafield>
  <datafield tag="520" ind1=" " ind2=" ">
    <subfield code="a">""The world may be full of women of varying beauty and talents, but I doubt there will ever be an encounter like this one, so charged, so urgent and, like I said, beautifully irrational." - In Praise of Older Women. A new collection of stories by of South Africa's most original writers, A Little Light is a timely and sensitive evocation of places, bodies, politics, regrets and hope, all revealed in tightly controlled and beautifully lit stories. Mohlele's daring writing is on full display with the publication of this volume. Nthikeng Mohlele was partly raised in Limpopo and Tembisa Township, and attended the University of the Witwatersrand, where he obtained a BA in dramatic art, publishing studies and African literature. He is the author of six critically acclaimed novels: The Scent of Bliss (2008), Small Things (2013), Rusty Bell (2014), Pleasure (2016), Michael K (2018), Illumination (2019) and a short-story collection, The Discovery of Love (2021). Nthikeng was the winner of the University of Johannesburg Prize for South African Writing in English, winner of the K. Sello Duiker Memorial Award, winner of the National Institute for the Humanities and Social Sciences Award for Best Fiction: Short Stories and was long-listed for the International Dublin Literary Award." --Publisher's description.</subfield>
  </datafield>
  <datafield tag="650" ind1=" " ind2="0">
    <subfield code="a">Short stories, South African (English)</subfield>
  </datafield>
  <datafield tag="650" ind1=" " ind2="0">
    <subfield code="a">South African fiction (English)</subfield>
  </datafield>
  <datafield tag="942" ind1=" " ind2=" ">
    <subfield code="2">ddc</subfield>
    <subfield code="c">BOOK</subfield>
    <subfield code="w">5815</subfield>
    <subfield code="x">Pontsho Maoko</subfield>
    <subfield code="y">5815</subfield>
    <subfield code="z">Pontsho Maoko</subfield>
  </datafield>
  <datafield tag="999" ind1=" " ind2=" ">
    <subfield code="c">784007</subfield>
    <subfield code="d">784006</subfield>
  </datafield>
  <datafield tag="952" ind1=" " ind2=" ">
    <subfield code="0">0</subfield>
    <subfield code="1">0</subfield>
    <subfield code="2">ddc</subfield>
    <subfield code="4">0</subfield>
    <subfield code="7">0</subfield>
    <subfield code="8">800</subfield>
    <subfield code="a">KWAML</subfield>
    <subfield code="b">DELML</subfield>
    <subfield code="c">GEN</subfield>
    <subfield code="d">2025-08-28</subfield>
    <subfield code="l">0</subfield>
    <subfield code="o">823 MOHL  </subfield>
    <subfield code="p">33228031085839</subfield>
    <subfield code="r">2025-08-28</subfield>
    <subfield code="w">2025-08-28</subfield>
    <subfield code="y">BOOK</subfield>
  </datafield>
  <datafield tag="952" ind1=" " ind2=" ">
    <subfield code="0">0</subfield>
    <subfield code="1">0</subfield>
    <subfield code="2">ddc</subfield>
    <subfield code="4">0</subfield>
    <subfield code="7">0</subfield>
    <subfield code="8">F</subfield>
    <subfield code="a">STANRL</subfield>
    <subfield code="b">KINRL</subfield>
    <subfield code="c">FIC</subfield>
    <subfield code="d">2026-02-11</subfield>
    <subfield code="g">382.00</subfield>
    <subfield code="l">0</subfield>
    <subfield code="o">EF MOHL</subfield>
    <subfield code="p">3322803187742</subfield>
    <subfield code="r">2026-02-11</subfield>
    <subfield code="w">2026-02-11</subfield>
    <subfield code="y">BOOK</subfield>
  </datafield>
  <datafield tag="952" ind1=" " ind2=" ">
    <subfield code="0">0</subfield>
    <subfield code="1">0</subfield>
    <subfield code="2">ddc</subfield>
    <subfield code="4">0</subfield>
    <subfield code="7">0</subfield>
    <subfield code="8">F</subfield>
    <subfield code="a">STANRL</subfield>
    <subfield code="b">SAKHL</subfield>
    <subfield code="c">FIC</subfield>
    <subfield code="d">2026-02-11</subfield>
    <subfield code="g">382.00</subfield>
    <subfield code="l">0</subfield>
    <subfield code="o">EF MOHL</subfield>
    <subfield code="p">3322803187741</subfield>
    <subfield code="r">2026-02-11</subfield>
    <subfield code="w">2026-02-11</subfield>
    <subfield code="y">BOOK</subfield>
  </datafield>
  <datafield tag="952" ind1=" " ind2=" ">
    <subfield code="0">0</subfield>
    <subfield code="1">0</subfield>
    <subfield code="2">ddc</subfield>
    <subfield code="4">0</subfield>
    <subfield code="7">0</subfield>
    <subfield code="8">F</subfield>
    <subfield code="a">STANRL</subfield>
    <subfield code="b">SECL</subfield>
    <subfield code="c">FIC</subfield>
    <subfield code="d">2026-02-11</subfield>
    <subfield code="g">382.00</subfield>
    <subfield code="l">0</subfield>
    <subfield code="o">EF MOHL</subfield>
    <subfield code="p">3322803187709</subfield>
    <subfield code="r">2026-02-11</subfield>
    <subfield code="w">2026-02-11</subfield>
    <subfield code="y">BOOK</subfield>
  </datafield>
  <datafield tag="952" ind1=" " ind2=" ">
    <subfield code="0">0</subfield>
    <subfield code="1">0</subfield>
    <subfield code="2">ddc</subfield>
    <subfield code="4">0</subfield>
    <subfield code="7">0</subfield>
    <subfield code="8">F</subfield>
    <subfield code="a">STANRL</subfield>
    <subfield code="b">BETHL</subfield>
    <subfield code="c">FIC</subfield>
    <subfield code="d">2026-02-11</subfield>
    <subfield code="g">382.00</subfield>
    <subfield code="l">0</subfield>
    <subfield code="o">EF MOHL</subfield>
    <subfield code="p">3322803187708</subfield>
    <subfield code="r">2026-02-11</subfield>
    <subfield code="w">2026-02-11</subfield>
    <subfield code="y">BOOK</subfield>
  </datafield>
  <datafield tag="952" ind1=" " ind2=" ">
    <subfield code="0">0</subfield>
    <subfield code="1">0</subfield>
    <subfield code="2">ddc</subfield>
    <subfield code="4">0</subfield>
    <subfield code="7">0</subfield>
    <subfield code="8">F</subfield>
    <subfield code="a">STANRL</subfield>
    <subfield code="b">DAGGL</subfield>
    <subfield code="c">FIC</subfield>
    <subfield code="d">2026-02-11</subfield>
    <subfield code="g">382.00</subfield>
    <subfield code="l">0</subfield>
    <subfield code="o">EF MOHL</subfield>
    <subfield code="p">3322803187707</subfield>
    <subfield code="r">2026-02-11</subfield>
    <subfield code="w">2026-02-11</subfield>
    <subfield code="y">BOOK</subfield>
  </datafield>
</record>
